Working the angles : (Record no. 2135)

MARC details
000 -LEADER
fixed length control field 00735pam a2200241 a 4500
001 - CONTROL NUMBER
control field 3366600
003 - CONTROL NUMBER IDENTIFIER
control field GBCCL
005 - DATE AND TIME OF LATEST TRANSACTION
control field 20241126110418.0
008 - FIXED-LENGTH DATA ELEMENTS--GENERAL INFORMATION
fixed length control field 870212s1987 miu b 000 0 eng
010 ## -
-- 87005286
020 ## - INTERNATIONAL STANDARD BOOK NUMBER
International Standard Book Number 0802802656 (pbk.)
040 ## - CATALOGING SOURCE
Original cataloging agency DLC
Transcribing agency DLC
Modifying agency DLC
050 00 -
-- BV4011
-- .P44 1987
082 00 - DEWEY DECIMAL CLASSIFICATION NUMBER
Classification number 253.2
Edition information 19
Item number PET
100 1# - MAIN ENTRY--PERSONAL NAME
Personal name Peterson, Eugene H.,
Dates associated with a name 1932-
9 (RLIN) 2444
245 10 - TITLE STATEMENT
Title Working the angles :
Remainder of title the shape of pastoral integrity /
Statement of responsibility, etc. Eugene H. Peterson.
260 ## - PUBLICATION, DISTRIBUTION, ETC.
Place of publication, distribution, etc. Grand Rapids, Mich. :
Name of publisher, distributor, etc. W.B. Eerdmans,
Date of publication, distribution, etc. c1987.
300 ## - PHYSICAL DESCRIPTION
Extent v, 137 p. ;
Dimensions 22 cm.
504 ## - BIBLIOGRAPHY, ETC. NOTE
Bibliography, etc. note Bibliography: p. 133-137.
650 #0 - SUBJECT ADDED ENTRY--TOPICAL TERM
Topical term or geographic name entry element Pastoral theology.
9 (RLIN) 414
906 ## - LOCAL DATA ELEMENT F, LDF (RLIN)
a 7
b cbc
c orignew
d 1
e ocip
f 19
g y-gencatlg
942 ## - ADDED ENTRY ELEMENTS (KOHA)
Source of classification or shelving scheme Dewey Decimal Classification
Koha item type Books
Holdings
Withdrawn status Lost status Source of classification or shelving scheme Damaged status Not for loan Home library Current Library Shelving location Date acquired Total checkouts Full call number Barcode Date last seen Copy number Price effective from Koha item type
    Dewey Decimal Classification     GRACE BIBLE COLLEGE GRACE BIBLE COLLEGE Ministry & Mission 2017-07-06   253.2 PET 007043 2025-05-01 c.1 2017-07-06 Books
    Dewey Decimal Classification     GRACE BIBLE COLLEGE GRACE BIBLE COLLEGE Ministry & Mission 2017-07-06   253.2 PET 007044 2025-05-01 c.2 2017-07-06 Books
© Grace Bible College Library 2025